000 00259nam a2200097Ia 4500
008 220204s9999 xx 000 0 und d
082 _a058(540)
_bKOT
245 0 _aKothar's yearbook on business and industry. 1988
260 _aMadras
_bAllied
_c1988
942 _cBK
999 _c39646
_d39646